| 000 | 00834nab a22002417a 4500 | ||
|---|---|---|---|
| 001 | 13062 | ||
| 003 | HDC | ||
| 007 | cr bn ---aaaaa | ||
| 008 | 210128c99999999my ||||o |||| 00| 00may d | ||
| 040 | _aHDC | ||
| 100 |
_aNur Aslinda Nasir, _eauthor _913898 |
||
| 245 | 0 |
_aHub halal: Pinjaman mudah kewangan disediakan / _cNur Aslinda Nasir |
|
| 336 |
_atext _2rdacontent |
||
| 337 |
_acomputer _2rdamedia |
||
| 338 |
_aonline resource _2rdacarrier |
||
| 650 |
_aGovernment aid for small business _910823 |
||
| 650 |
_aHalal food industry _9128 |
||
| 710 | _aBarisan Nasional Backbenchers Council | ||
| 856 | _zRequest full-text at [email protected] | ||
| 942 | _2lcc | ||
| 942 | _cNEWS | ||
| 942 | _kNWSO 003010 | ||
| 999 |
_c10378 _d10378 |
||